| 000 | 00861nam a22002537a 4500 | ||
|---|---|---|---|
| 005 | 20170123162302.0 | ||
| 010 | _aA-374859 | ||
| 020 |
_c33.00 _a8171210287 |
||
| 035 | _aA-374859 | ||
| 037 | _bCen Lib/Ret | ||
| 040 |
_aDPL _bUR |
||
| 082 | _a270 | ||
| 100 |
_aخلیک انجمن _9136748 |
||
| 245 |
_a/ دیللی کی درگاہ شھ مرداں _cاشرف صبوحی دہلوی |
||
| 246 |
_aDilli ki dargahe mardan _bby Khaleek Anjaman |
||
| 260 |
_a دہلی _bاردو اکیڈمی _c1988 |
||
| 270 |
_aگھنٹہ مسجد روڈ ، دریاگنج _b دہلی _e110002 |
||
| 300 |
_a173p. _c20cm(Hb) |
||
| 650 |
_aتاریخ _v _zدہلی _9136749 |
||
| 650 |
_aمذہب اسلام _9136750 |
||
| 650 |
_aHistory _zIndia _9436 |
||
| 650 |
_aIslam religion _9830 |
||
| 942 |
_2ddc _cUR _h270 _mخ ل ی |
||
| 999 |
_c106035 _d106035 |
||